000 00712nam a2200253Ia 4500
003 GCL
008 140319s9999 xx 000 0 ara d
040 _aGCL /
_cGCL
082 0 4 _a301.1
_bش ت
100 1 _aسعد جلال
245 1 0 _aالتأثير - وسائل الاقناع /
_cسعد جلال
700 1 _aشيالدينى، روبرت
260 _a[S.N] :
_bدار الفكر العربى ،
_c1988
300 _a296 ص
490 _a
650 0 4 _aعلم النفس
650 0 4 _aالاجتماع
650 0 4 _aالسلوك
650 0 4 _aعلم النفس الاجتماعى
650 0 4 _aسعد جلال
650 0 4 _aالتأثير
650 0 4 _aالاقناع
942 _2ddc
_cBK
999 _c32399
_d32399